[Event "Bayern-chI Bank Hofmann 14th"]
[Site "Bad Wiessee"]
[Date "2010.11.05"]
[Round "8"]
[White "Czap, Bernhard"]
[Black "Rasch, Holger"]
[Result "1/2-1/2"]
[WhiteElo "2168"]
[BlackElo "2279"]
[PlyCount "39"]
[EventDate "2010.10.30"]
[EventType "swiss"]
[EventRounds "9"]
[EventCountry "GER"]
[SourceTitle "EXT 2011"]
[Source "ChessBase"]
[SourceDate "2010.11.26"]
[SourceVersion "1"]
[SourceVersionDate "2010.11.26"]
[SourceQuality "1"]

1. c4 Nf6 2. g3 c5 3. Bg2 e6 4. Nf3 Nc6 5. 0-0 d5 6. b3 Be7 7. e3 0-0 8. Qe2 b6 9. Rd1 Qc7 10. Bb2 Rd8 11. cxd5 Nxd5 12. d4 cxd4 13. Nxd4 Bb7 14. Nb5 Qc8 15. N1c3 Nxc3 16. Nxc3 Bf6 17. Nb5 Bxb2 18. Qxb2 Na5 19. Rxd8+ Qxd8 20. Bxb7 1/2-1/2

[Event "Regionalliga SW 0809"]
[Site "Bayern"]
[Date "2009.01.18"]
[Round "5.6"]
[White "Czap, Bernhard"]
[Black "Ehmer, Fabian"]
[Result "1-0"]
[WhiteElo "2061"]
[BlackElo "1953"]
[PlyCount "53"]
[EventDate "2008.10.05"]
[EventType "team-tourn"]
[EventRounds "9"]
[EventCountry "GER"]
[SourceTitle "EXT 2020"]
[Source "ChessBase"]
[SourceDate "2019.10.17"]
[SourceVersion "1"]
[SourceVersionDate "2019.10.17"]
[SourceQuality "1"]
[WhiteTeam "Unterhaching"]
[BlackTeam "Muenchen Suedost"]
[WhiteTeamCountry "GER"]
[BlackTeamCountry "GER"]

1. e4 c5 2. c3 Nf6 3. e5 Nd5 4. Bc4 e6 5. d4 cxd4 6. Bxd5 exd5 7. Qxd4 Qa5 8. b4 Qb5 9. Na3 Qc6 10. Nf3 Be7 11. 0-0 0-0 12. Bg5 Bxg5 13. Nxg5 d6 14. exd6 h6 15. Nf3 Qxd6 16. Nb5 Qd8 17. Nxa7 b6 18. Nxc8 Qxc8 19. Qxd5 Ra3 20. c4 Rd8 21. Qb5 Rxf3 22. gxf3 Qh3 23. Rfd1 Rc8 24. Qd5 Rc6 25. Kh1 Kh7 26. Rg1 Rf6 27. Rg3 1-0

[Event "Regionalliga SW 0809"]
[Site "Bayern"]
[Date "2008.12.14"]
[Round "4.6"]
[White "Riedel, Lutz"]
[Black "Czap, Bernhard"]
[Result "1-0"]
[WhiteElo "1981"]
[BlackElo "2061"]
[PlyCount "89"]
[EventDate "2008.10.05"]
[EventType "team-tourn"]
[EventRounds "9"]
[EventCountry "GER"]
[SourceTitle "EXT 2020"]
[Source "ChessBase"]
[SourceDate "2019.10.17"]
[SourceVersion "1"]
[SourceVersionDate "2019.10.17"]
[SourceQuality "1"]
[WhiteTeam "Krumbach II"]
[BlackTeam "Unterhaching"]
[WhiteTeamCountry "GER"]
[BlackTeamCountry "GER"]

1. c4 f5 2. Nc3 Nf6 3. d3 d6 4. e4 e5 5. exf5 Bxf5 6. Be2 Nc6 7. g4 Bg6 8. g5 Nd7 9. h4 Nc5 10. Nd5 Nd4 11. b4 Nce6 12. Be3 c6 13. Nc3 d5 14. cxd5 Bxb4 15. Bd2 Bxc3 16. Bxc3 Qxd5 17. Bf3 Nxf3+ 18. Qxf3 e4 19. Qe3 Qxd3 20. h5 Qxe3+ 21. fxe3 Bf5 22. h6 Rg8 23. hxg7 Nxg7 24. Ne2 Ne6 25. Ng3 Rxg5 26. Nxf5 Rxf5 27. Rxh7 0-0-0 28. Re7 Ng5 29. Ke2 Rdf8 30. Be1 Rb5 31. Bc3 Rc5 32. Rc1 a6 33. a4 Rf7 34. Re8+ Kd7 35. Rb8 Kc7 36. Re8 Rcf5 37. Be1 Kd7 38. Rb8 Ke6 39. Rc4 Nf3 40. Rxe4+ Kd5 41. Ree8 Nxe1 42. e4+ Kc4 43. exf5 Ng2 44. Kf2 Nh4 45. Re4+ 1-0

[Event "Bayern-chI Bank Hofmann 12th"]
[Site "Bad Wiessee"]
[Date "2008.11.04"]
[Round "4"]
[White "Baldauf, Marco"]
[Black "Czap, Bernhard"]
[Result "1-0"]
[WhiteElo "2325"]
[BlackElo "2157"]
[PlyCount "55"]
[EventDate "2008.11.01"]
[EventType "swiss"]
[EventRounds "9"]
[EventCountry "GER"]
[SourceTitle "EXT 2009"]
[Source "ChessBase"]
[SourceDate "2008.11.26"]
[SourceVersion "1"]
[SourceVersionDate "2008.11.26"]
[SourceQuality "1"]

1. e4 e6 2. d4 d5 3. Nd2 Nf6 4. e5 Nfd7 5. Bd3 c5 6. c3 Nc6 7. Ne2 Qb6 8. Nf3 cxd4 9. cxd4 f6 10. exf6 Nxf6 11. 0-0 Bd6 12. b3 0-0 13. Bf4 Bxf4 14. Nxf4 Ne4 15. Ne2 Bd7 16. Ng3 Rf4 17. Qc1 Raf8 18. Qe3 Nb4 19. Nxe4 Nxd3 20. Neg5 Nb4 21. Ne5 Bb5 22. Qh3 h6 23. Nxe6 Bxf1 24. Rxf1 R8f6 25. Nxf4 Rxf4 26. a3 Na6 27. Rc1 Qxd4 28. Qe6+ 1-0

[Event "Regionalliga SW 0809"]
[Site "Bayern"]
[Date "2008.10.05"]
[Round "1.6"]
[White "Czap, Bernhard"]
[Black "Mattes, Heinz"]
[Result "1-0"]
[WhiteElo "2077"]
[BlackElo "1888"]
[PlyCount "53"]
[EventDate "2008.10.05"]
[EventType "team-tourn"]
[EventRounds "9"]
[EventCountry "GER"]
[SourceTitle "EXT 2020"]
[Source "ChessBase"]
[SourceDate "2019.10.17"]
[SourceVersion "1"]
[SourceVersionDate "2019.10.17"]
[SourceQuality "1"]
[WhiteTeam "Unterhaching"]
[BlackTeam "Muenchen Siemens"]
[WhiteTeamCountry "GER"]
[BlackTeamCountry "GER"]

1. e4 d6 2. d4 g6 3. Nc3 Bg7 4. Be3 Nf6 5. f3 c6 6. Qd2 Qa5 7. Nge2 Nbd7 8. Bh6 Bxh6 9. Qxh6 b5 10. Nc1 b4 11. Nd1 Ba6 12. Nb3 Qb6 13. Bxa6 Qxa6 14. Qg7 Rg8 15. Qh6 g5 16. Ne3 Rg6 17. Qh3 h5 18. Nf5 g4 19. Qh4 gxf3 20. gxf3 Rg2 21. 0-0-0 Qxa2 22. Rhg1 Rxg1 23. Rxg1 a5 24. e5 dxe5 25. dxe5 Nd5 26. Rg8+ Nf8 27. Rxf8+ 1-0

[Event "Dortmund Sparkassen op"]
[Site "Dortmund"]
[Date "2008.07.04"]
[Round "7"]
[White "Goldenstein, Arnd"]
[Black "Czap, Bernhard"]
[Result "1-0"]
[WhiteElo "2012"]
[BlackElo "2167"]
[PlyCount "103"]
[EventDate "2008.06.30"]
[EventType "swiss"]
[EventRounds "9"]
[EventCountry "GER"]
[SourceTitle "CBM 125 Extra"]
[Source "ChessBase"]
[SourceDate "2008.09.01"]
[SourceVersion "1"]
[SourceVersionDate "2008.09.01"]
[SourceQuality "1"]

1. d4 f5 2. g3 Nf6 3. Bg2 g6 4. h4 Bg7 5. Nh3 Nc6 6. c3 0-0 7. Nd2 d6 8. Qb3+ e6 9. Nf4 Qe7 10. Nf3 Ne4 11. d5 Nd8 12. dxe6 Bxe6 13. Nxe6 Qxe6 14. h5 Nc5 15. Qd1 Ne4 16. Ng5 Qc4 17. Rh4 d5 18. f3 Qc5 19. fxe4 Qg1+ 20. Kd2 Qxg2 21. Kc2 d4 22. hxg6 h6 23. Nh7 Qxg3 24. Qh1 Nc6 25. Bf4 Qf2 26. Qh2 Qxh2 27. Rxh2 fxe4 28. Nxf8 Rxf8 29. Bxh6 dxc3 30. bxc3 Rf6 31. Bxg7 Kxg7 32. Rh7+ Kxg6 33. Rxc7 Rf2 34. Kd2 Na5 35. Rg1+ Kf6 36. Ke3 Rh2 37. Rg4 Rh3+ 38. Kxe4 Nc6 39. e3 Rh2 40. Rf4+ Ke6 41. a3 Ra2 42. Rh4 Kd6 43. Rxb7 Rxa3 44. Rh6+ Kc5 45. Rc7 Ra6 46. Kd3 Rb6 47. Rhxc6+ Rxc6 48. Rxc6+ Kxc6 49. Kc4 a6 50. Kb4 Kb6 51. Ka4 Kc5 52. e4 1-0